000 00945nam a22003017a 4500
001 BR0305096
003 BR-BrBNA
005 20230928101414.0
007 ta
008 230509b bl.||||| |||| 00| 0 por d
040 _aBR-BrBNA
_bpor
_cBiblioteca Nacional de Agricultura
041 _a(Por)
072 _aH20
_b1030
_b4120
090 _ 1030 BR0305096
100 1 _aVelazco, C.L.
110 1 _aEscola Superior de Agricultura Luiz de Queiroz, Piracicaba, SP (Brasil)
_0Tese (Mestre em Agronomia)
245 1 _aIndução de supressividade a Phytophthora nicotianae em mudas de limão cravo com lodo de esgoto
260 3 _aPiracicaba, SP (Brasil):
_c2002.
300 _a66 p.
500 _aSummaries (Eng, Por); Bibliography p. 59-66; 12 tables; 12 illus.
650 _aLIMÃO CRAVO
650 _aLODO RESIDUAL
650 _aFUNGO
650 _aMUDA
650 _aGOMOSE
909 _a202309
_bLucia
_c55
_dLucia Elande
942 _cBK
999 _c65668
_d65668